ბათუმის შოთა რუსთაველის სახელმწიფო უნივერსიტეტის ბიბლიოთეკა

The Cambridge handbook of sociocultural psychology / (ბიბ.ჩანაწერი № 59811)

000 -LEADER
fixed length control field 00763cam a22002177i 4500
001 - CONTROL NUMBER
control field 20884559
003 - CONTROL NUMBER IDENTIFIER
control field Ge_BSU
005 - DATE AND TIME OF LATEST TRANSACTION
control field 20230421144530.0
008 - FIXED-LENGTH DATA ELEMENTS--GENERAL INFORMATION
fixed length control field 190311s2018 enka b 001 0 eng d
020 ## - INTERNATIONAL STANDARD BOOK NUMBER
International Standard Book Number 9781316610282x
041 ## - LANGUAGE CODE
Language code of text/sound track or separate title eng
080 ## - UNIVERSAL DECIMAL CLASSIFICATION NUMBER
Universal Decimal Classification number 316.6 The-44
245 04 - TITLE STATEMENT
Title The Cambridge handbook of sociocultural psychology /
Statement of responsibility, etc. edited by Alberto Rosa, Jaan Valsiner.
250 ## - EDITION STATEMENT
Edition statement Second edition.
264 #1 - PRODUCTION, PUBLICATION, DISTRIBUTION, MANUFACTURE, AND COPYRIGHT NOTICE
Place of production, publication, distribution, manufacture Cambridge :
Name of producer, publisher, distributor, manufacturer Cambridge University Press,
Date of production, publication, distribution, manufacture, or copyright notice 2018.
300 ## - PHYSICAL DESCRIPTION
Extent 671 pages :
Other physical details illustrations ;
Dimensions 26 cm.
653 ## - INDEX TERM--UNCONTROLLED
keyword სოციოკულტურული ფსიქოლოგია
700 1# - ADDED ENTRY--PERSONAL NAME
Personal name Rosa, Alberto
Relator term რედაქტორი
9 (RLIN) 17729
700 1# - ADDED ENTRY--PERSONAL NAME
Personal name Valsiner, Jaan,
Relator term რედაქტორი
9 (RLIN) 17730
942 ## - ADDED ENTRY ELEMENTS (KOHA)
Source of classification or shelving scheme
Koha item type წიგნი
ეგზემპლარები
Withdrawn status Lost status Source of classification or shelving scheme Damaged status Not for loan Permanent Location Current Location Shelving location Date acquired Cost, normal purchase price Full call number Barcode Date last seen Copy number Price effective from Koha item type Public note
          ბათუმის შოთა რუსთაველის სახელმწიფო უნივერსიტეტის მთავარი ბიბლიოთეკა ბათუმის შოთა რუსთაველის სახელმწიფო უნივერსიტეტის მთავარი ბიბლიოთეკა წიგნსაცავი 2023-04-21 174.00 316.6 The-44 29396 2023-04-21 29396 2023-04-21 წიგნი 174 ლ.